[Event "Euwe mem"]
[Site "Amsterdam"]
[Date "1991.??.??"]
[Round "1"]
[White "Short, Nigel D"]
[Black "Timman, Jan H"]
[Result "1-0"]
[WhiteElo "2635"]
[BlackElo "2630"]

1.e4 e6 2.d4 d5 3.Nc3 Bb4 4.e5 c5 5.a3 Ba5 6.Qg4 Ne7 7.dxc5 Bxc3+ 8.bxc3 Qa5
9.Bd2 Ng6 10.h4 h5 11.Qg5 Nd7 12.c4 Qa4 13.cxd5 Ndxe5 14.Be2 Qe4 15.O-O-O O-O
16.Bc3 f6 17.Qd2 Qxg2 18.Nh3 exd5 19.Bxh5 Nc4 20.Qd4 Nge5 21.Nf4 Qe4 22.Qxd5+ Qxd5
23.Nxd5 Kh7 24.Rhg1 Bf5 25.Ne7 Be4 26.Rd4 Bf3 27.Bg6+ Kh8 28.h5 Rad8 29.Rh4  1-0

[Event "Euwe mem"]
[Site "Amsterdam"]
[Date "1991.??.??"]
[Round "1"]
[White "Hjartarson, Johann"]
[Black "Karpov, Anatoly"]
[Result "1/2-1/2"]
[WhiteElo "2535"]
[BlackElo "2725"]

1.d4 Nf6 2.c4 e6 3.Nf3 b6 4.g3 Ba6 5.Nbd2 Bb7 6.Bg2 d5 7.cxd5 Bxd5 8.Qa4+ Qd7
9.Qc2 Qc6 10.Qd3 Qb7 11.O-O c5 12.dxc5 Bxc5 13.a3 a5 14.Nh4 Bxg2 15.Nxg2 O-O
16.Qf3 Qxf3 17.Nxf3 Nbd7 18.Be3 Rfc8 19.Rfd1 Kf8 20.Rac1 Ke7 21.Bd4  1/2-1/2

[Event "Euwe mem"]
[Site "Amsterdam"]
[Date "1991.??.??"]
[Round "3"]
[White "Hjartarson, Johann"]
[Black "Van der Wiel, John TH"]
[Result "1/2-1/2"]
[WhiteElo "2535"]
[BlackElo "2530"]

1.c4 c5 2.Nc3 Nc6 3.g3 g6 4.Bg2 Bg7 5.Nf3 Nh6 6.O-O Nf5 7.a3 O-O 8.Rb1 a5
9.d3 d6 10.Bd2 Bd7 11.Ne1 Rb8 12.e3 Na7 13.a4 Nc6 14.Nb5 Nb4 15.Bc3 e5 16.b3 Qe7
17.Ba1 Rbd8 18.Nc3 Bc6 19.Nd5 Nxd5 20.cxd5 Bd7 21.Bc3 Ra8 22.Qd2 Qd8 23.Ra1 Bh6  1/2-1/2

[Event "Euwe mem"]
[Site "Amsterdam"]
[Date "1991.??.??"]
[Round "3"]
[White "Kortschnoj, Viktor"]
[Black "Timman, Jan H"]
[Result "1-0"]
[WhiteElo "2615"]
[BlackElo "2630"]

1.c4 e6 2.Nc3 d5 3.d4 Be7 4.Nf3 Nf6 5.Bg5 O-O 6.e3 h6 7.Bxf6 Bxf6 8.Qd2 a6
9.O-O-O Nc6 10.e4 dxe4 11.Nxe4 b6 12.h4 Bb7 13.Qe3 Be7 14.Bd3 Qd7 15.Bb1 Rad8
16.g4 f5 17.gxf5 exf5 18.Rhg1 Bd6 19.Nxd6 Qxd6 20.d5 Na5 21.Ne5 Rde8 22.f4 Re7
23.Qc3  1-0

[Event "Euwe mem"]
[Site "Amsterdam"]
[Date "1991.??.??"]
[Round "4"]
[White "Short, Nigel D"]
[Black "Hjartarson, Johann"]
[Result "1-0"]
[WhiteElo "2635"]
[BlackElo "2535"]

1.e4 c5 2.Nf3 e6 3.d4 cxd4 4.Nxd4 a6 5.Bd3 Nf6 6.O-O d6 7.c4 Bd7 8.Nc3 Nc6
9.Be3 Ne5 10.Be2 Rc8 11.b3 b5 12.f4 Ng6 13.Nc2 Be7 14.a4 bxc4 15.Bxc4 Qa5
16.Qe1 Ng4 17.Bd2 Qb6+ 18.Kh1 Bh4 19.g3 Bf6 20.h3 Bxc3 21.Bxc3 Nf6 22.Kh2 O-O
23.Bxf6 gxf6 24.Ne3 Kg7 25.Rd1 a5 26.Qc3 h5 27.g4 d5 28.g5 dxc4 29.Qxf6+  1-0

[Event "Euwe mem"]
[Site "Amsterdam"]
[Date "1991.??.??"]
[Round "4"]
[White "Timman, Jan H"]
[Black "Ljubojevic, Ljubomir"]
[Result "1-0"]
[WhiteElo "2630"]
[BlackElo "2590"]

1.e4 e6 2.d4 d5 3.Nc3 Bb4 4.e5 c5 5.a3 Bxc3+ 6.bxc3 Ne7 7.Nf3 Qc7 8.a4 b6
9.Bb5+ Bd7 10.Bd3 Nbc6 11.O-O h6 12.Re1 O-O 13.Bf4 f5 14.exf6 Qxf4 15.fxe7 Nxe7
16.Bb5 Qc7 17.Qe2 Bc8 18.Qe5 Qd8 19.dxc5 bxc5 20.Rad1 Rf6 21.Qe3 Qd6 22.Ne5 Nf5
23.Qh3 Bb7 24.Qh5 Ne7 25.Bd3 Raf8 26.Ng4 Rf4 27.Re3 R8f7 28.Rde1 Bc8 29.Bg6 Nxg6
30.Qxg6 Kf8 31.Ne5 R7f5 32.Qh7 Rxe5 33.Rxe5 Rxa4 34.R5e3 Bd7 35.Rf3+ Rf4
36.Rg3 Rf7 37.Qh8+ Ke7 38.Rxg7 Qf4 39.Rxf7+ Kxf7 40.Qh7+ Ke8 41.Rb1 Kd8 42.g3 Qd6
43.Qxh6 Kc7 44.Qh8 Bc8 45.f4  1-0

[Event "Euwe mem"]
[Site "Amsterdam"]
[Date "1991.??.??"]
[Round "5"]
[White "Kortschnoj, Viktor"]
[Black "Short, Nigel D"]
[Result "1/2-1/2"]
[WhiteElo "2615"]
[BlackElo "2635"]

1.c4 e6 2.Nc3 d5 3.d4 Be7 4.Nf3 Nf6 5.Bg5 O-O 6.e3 h6 7.Bxf6 Bxf6 8.Qd2 dxc4
9.Bxc4 c5 10.dxc5 Nd7 11.Ne4 Be7 12.c6 bxc6 13.O-O Nf6 14.Qc2 Bb7 15.Nfd2 c5
16.Rfd1 Qc7 17.Be2 Rfd8 18.Nc4 Rd5 19.Ned2 Rd7 20.Bf3 Nd5 21.a3 Rad8 22.Nf1 Ba6
23.Qa4 Bxc4 24.Qxc4 Bf6 25.Rab1 Nb6  1/2-1/2

[Event "Euwe mem"]
[Site "Amsterdam"]
[Date "1991.??.??"]
[Round "6"]
[White "Hjartarson, Johann"]
[Black "Kortschnoj, Viktor"]
[Result "1/2-1/2"]
[WhiteElo "2535"]
[BlackElo "2615"]

1.e4 e6 2.d4 d5 3.e5 c5 4.c3 Nc6 5.Nf3 Bd7 6.Be2 Nge7 7.O-O Ng6 8.g3 Be7
9.h4 cxd4 10.cxd4 O-O 11.h5 Nh8 12.h6 g6 13.Nbd2 f6 14.exf6 Bxf6 15.Nb3 Nf7
16.Nh2 Nd6 17.Bg4 Rc8 18.Nf3 Ne4 19.Be3 Rf7 20.Rc1 b6 21.a3 Ne7 22.Rxc8 Qxc8
23.Nbd2 Nf5 24.Bf4 Qf8 25.Re1 Nxh6 26.Bxh6 Qxh6 27.Nxe4 dxe4 28.Rxe4 Kg7
29.Bxe6 Bxe6 30.Rxe6 Qh5 31.Qb3 Rd7 32.Re8 Qd5 33.Qb4 Qd6 34.Qc4 Qd5 35.Qb4 Qd6
36.Qxd6 Rxd6 37.Re4 h5 38.Kf1 Rd5 39.Re3 g5 40.Rc3 g4 41.Rc7+ Kh6 42.Rc6 Kg7
43.Rc7+ Kh6 44.Rc6  1/2-1/2

[Event "Euwe mem"]
[Site "Amsterdam"]
[Date "1991.??.??"]
[Round "7"]
[White "Ljubojevic, Ljubomir"]
[Black "Hjartarson, Johann"]
[Result "0-1"]
[WhiteElo "2590"]
[BlackElo "2535"]

1.e4 e5 2.Nf3 Nc6 3.Bb5 a6 4.Ba4 Nf6 5.O-O Nxe4 6.d4 b5 7.Bb3 d5 8.dxe5 Be6
9.a4 b4 10.a5 Nc5 11.Bg5 Qd7 12.Nbd2 h6 13.Bh4 Be7 14.Bxe7 Qxe7 15.c3 bxc3
16.bxc3 Nxb3 17.Nxb3 O-O 18.Re1 Rab8 19.Nfd4 Na7 20.Ne2 c5 21.Nf4 Rfd8 22.Qc2 Nc6
23.Nxe6 fxe6 24.f4 Rb5 25.c4 Nb4 26.Qe2 dxc4 27.Qxc4 Nd3 28.Reb1 Rb4 29.Qxa6 c4
30.Nd4 Qc5 31.Qxe6+ Kh8 32.h3 Qxd4+ 33.Kh1 Nf2+ 34.Kh2 Qxf4+ 35.Kg1 Qd4 36.Kh2 Rxb1
37.Rxb1 c3 38.Rb7 Qf4+ 39.g3 Ng4+ 40.hxg4 Rd2+ 41.Kh3 Qf1+ 42.Kh4 Rh2+  0-1

[Event "Euwe mem"]
[Site "Amsterdam"]
[Date "1991.??.??"]
[Round "9"]
[White "Karpov, Anatoly"]
[Black "Short, Nigel D"]
[Result "1/2-1/2"]
[WhiteElo "2725"]
[BlackElo "2635"]

1.d4 Nf6 2.c4 e6 3.Nf3 d5 4.Nc3 Be7 5.Bg5 h6 6.Bh4 O-O 7.e3 b6 8.Be2 Bb7
9.Bxf6 Bxf6 10.cxd5 exd5 11.b4 c6 12.O-O Re8 13.Qb3 a5 14.a3 Nd7 15.b5 c5
16.Nxd5 Bxd4 17.Rad1 Ne5 18.Nxe5 Bxd5 19.Nc4 Qg5 20.g3 Qf5 21.Rfe1 Qe4 22.f3 Qxe3+
23.Qxe3 Rxe3 24.Nxe3 Bxe3+ 25.Kf1 Bd4 26.Rxd4 cxd4 27.Rd1 Rc8 28.Rxd4 Rc5
29.f4 Kf8 30.Bd3 Ke7  1/2-1/2